An evaluation of the budgetary reliability of bills of quantities in building procurement (Record no. 111017)
[ view plain ]
| 000 -LEADER | |
|---|---|
| fixed length control field | 01262cad a22002655a 4500 |
| 001 - CONTROL NUMBER | |
| control field | E150913 |
| 008 - FIXED-LENGTH DATA ELEMENTS--GENERAL INFORMATION | |
| fixed length control field | 100915s2009 xxk f 100 0 eng d |
| 020 ## - INTERNATIONAL STANDARD BOOK NUMBER | |
| International Standard Book Number | 9781842195192 |
| 035 ## - SYSTEM CONTROL NUMBER | |
| System control number | (Sirsi) u150913 |
| 041 0# - LANGUAGE CODE | |
| Language code of text/sound track or separate title | eng |
| 050 04 - LIBRARY OF CONGRESS CALL NUMBER | |
| Classification number | 692.5 $2 18 |
| 100 1# - MAIN ENTRY--PERSONAL NAME | |
| Personal name | Odeyinka, Henry |
| 111 2# - MAIN ENTRY--MEETING NAME | |
| Meeting name or jurisdiction name as entry element | Construction and Building Research Conference |
| Location of meeting | University of Cape Town |
| Date of meeting or treaty signing | 10-11 September 2009 |
| 245 03 - TITLE STATEMENT | |
| Title | An evaluation of the budgetary reliability of bills of quantities in building procurement |
| Medium | [electronic resource] |
| 260 ## - PUBLICATION, DISTRIBUTION, ETC. | |
| Place of publication, distribution, etc. | London |
| Name of publisher, distributor, etc. | RICS |
| Date of publication, distribution, etc. | 2009 |
| 520 ## - SUMMARY, ETC. | |
| Summary, etc. | Presents the results of research into the budgetary reliability of bills of quantities in building project procurement. The research was based on secondary data from some recently completed building projects in Northern Ireland and found that the reliability of bills of quantities varied depending on project types. |
| 590 ## - LOCAL NOTE (RLIN) | |
| Local note | KA |
| 650 24 - SUBJECT ADDED ENTRY--TOPICAL TERM | |
| Topical term or geographic name entry element | CONSTRUCTION AND BUILDING RESEARCH CONFERENCE (COBRA) |
| 651 #4 - SUBJECT ADDED ENTRY--GEOGRAPHIC NAME | |
| Geographic name | United Kingdom |
| Chronological subdivision | |
| 690 ## - LOCAL SUBJECT ADDED ENTRY--TOPICAL TERM (OCLC, RLIN) | |
| Topical term or geographic name as entry element | Quantity surveying |
| 9 (RLIN) | 6263 |
| 700 1# - ADDED ENTRY--PERSONAL NAME | |
| Personal name | Kelly, Shane |
| 700 1# - ADDED ENTRY--PERSONAL NAME | |
| Personal name | Perera, Srinath |
| 856 40 - ELECTRONIC LOCATION AND ACCESS | |
| Uniform Resource Identifier | <a href="https://www.rics.org/site/scripts/download_info.aspx?fileID=5024&categoryID=524">https://www.rics.org/site/scripts/download_info.aspx?fileID=5024&categoryID=524</a> |
| Public note | View the item free of charge at www.rics.org |
| 942 ## - ADDED ENTRY ELEMENTS (KOHA) | |
| Suppress in OPAC | 0 |
| Withdrawn status | Lost status | Source of classification or shelving scheme | Damaged status | Not for loan | Home library | Current library | Shelving location | Date acquired | Total Checkouts | Full call number | Barcode | Date last seen | Copy number | Price effective from | Koha item type |
|---|---|---|---|---|---|---|---|---|---|---|---|---|---|---|---|
| Dewey Decimal Classification | Virtual | Virtual | Online | 15/09/2010 | ONLINE PUBLICATION | 150913-2001 | 06/08/2019 | 1 | 06/08/2019 | Book |